000 00737cam a22002411 4500
001 sa 67002143
003 DLC
005 20260227112328.0
008 880415s1964 ii c b 000 0bbenr
010 _asa 67002143
025 _aPL480:I-2465
035 _a(OCoLC)18086879
040 _aDLC
_cNN
_dDLC
042 _apremarc
050 0 0 _aQC16.B645
_bB35
100 1 _aBanerjee, Rabin,
_d1925-
245 1 0 _aBijñānācārya Satyendranātha Basu.
_c[Lekhaka] Rabīna Bandyopādhyāẏa.
260 _aKalikātā,
_bŚrībhūmi Pābaliśiṃ Kompānī
_c[1964]
300 _ax, 152 p.
_bports.
_c23 cm.
500 _aIn Bengali.
504 _aWorks of Satyendranath Bose: p. [149]-152.
600 1 0 _aBose, Satyendranath,
_d1894-1974.
999 _c73068
_d73068